La trampa
Đã lưu trong:
| Tác giả chính: | |
|---|---|
| Định dạng: | Sách |
| Ngôn ngữ: | Tiếng Tây Ban Nha |
| Được phát hành: |
Barcelona
Destino
1973
|
| Phiên bản: | 2a. ed |
| Loạt: | Ancora y Delfín, 324
|
| Những chủ đề: | |
| Các nhãn: |
Thêm thẻ
Không có thẻ, Là người đầu tiên thẻ bản ghi này!
|
MARC
| LEADER | 00000nam a2200000 a 4500 | ||
|---|---|---|---|
| 001 | UCQ5670 | ||
| 003 | CL-VaPUC | ||
| 008 | 981002e19730000SP |||||||||||||||||spa|d | ||
| 082 | 0 | 4 | |a 863 |b MAT |2 21 |
| 100 | |a Matute, Ana María |e autora |9 316999 | ||
| 245 | 1 | 3 | |a La trampa |
| 250 | |a 2a. ed | ||
| 300 | |a 277 p | ||
| 942 | |c BK | ||
| 945 | |d 19981002 00:00:00 |a crobeson | ||
| 260 | |a Barcelona |b Destino |c 1973 | ||
| 650 | 0 | |a Novelas españolas |9 265052 | |
| 650 | 0 | |a Literatura española |9 306261 | |
| 583 | |a last modification |c 19981002 00:00:00 |k Rodrigo Vera | ||
| 490 | 0 | |a Ancora y Delfín, 324 | |
| 999 | |c 275875 |d 275873 | ||
| 952 | |0 0 |1 0 |4 0 |6 863_000000000000000_MAT_1973 |7 0 |8 A |9 312732 |a BIBEDU |b BIBEDU |c ES_NOD |d 2019-11-20 |i 1475797 |o 863 MAT 1973 |p 1475797 |r 2023-08-09 |w 2019-11-20 |y BK |k LIT | ||